Statistics for NBA Players in Movies

Click here to take the quiz!

General Stats

  • This quiz has been taken 27 times
  • The average score is 6 of 14

Answer Stats

MovieYearCharacterNBA Player% Correct
Space Jam1996HimselfMichael Jordan
100%
Thunderstruck2012HimselfKevin Durant
88%
Steel1997John Henry IronsShaquille O’Neal
76%
He Got Game1998Jesus ShuttlesworthRay Allen
64%
The Game of Death1973MantisKareem Abdul-Jabbar
60%
Trainwreck2015HimselfLeBron James
52%
Conan the Destroyer1984BombaataWilt Chamberlain
52%
Double Team1997YazDennis Rodman
32%
My Giant1998Maximus "Max" SanferescuGheorghe Muresan
28%
The Fish That Saved Pittsburgh1979Moses GuthrieJulius Erving
28%
Eddie1996Stacy PattonMalik Sealy
8%
Black and White1999Dean CarterAllan Houston
4%
Fast Break1979Leroy "Hustler" MonroeBernard King
4%
The Perfect Score2004DesmondDarius Miles
4%

Score Distribution

Percentile by Number Answered

Percent of People with Each Score

Your Score History

You have not taken this quiz